Logo BPK

Biblioteka

Politechniki Koszalińskiej

Geodezyjne dalmierze elektromagnetyczne i tachymetry elektroniczne. (Rekord nr 6468)

Szczegóły MARC
000 -ETYKIETA REKORDU
podpole kontrolne o stałej długości 02116nam a2200565 i 4500
001 - NUMER KONTROLNY REKORDU
pole kontrolne 6468
003 - IDENTYFIKATOR NUMERU KONTROLNEGO REKORDU
podpole kontrolne KOSZ 005
005 - DATA OSTATNIEJ MODYFIKACJI REKORDU
podpole kontrolne 20210512140309.0
008 - POLE O STAŁEJ DŁUGOŚCI - DANE KONTROLNE
podpole kontrolne o stałej długości 970629s1991 pl a f f |000 0 pol
015 ## - NUMER BIBLIOGRAFII NARODOWEJ
Numer bibliografii narodowej UWD 1992/5526
020 ## - MIĘDZYNARODOWY ZNORMALIZOWANY NUMER KSIĄŻKI - ISBN
ISBN 8370000754
020 ## - MIĘDZYNARODOWY ZNORMALIZOWANY NUMER KSIĄŻKI - ISBN
ISBN 8370000797
035 ## - NUMER SYSTEMOWY
Numer systemowy przejętego rekordu 991001605809705066
035 ## - NUMER SYSTEMOWY
Numer systemowy przejętego rekordu (PL-WaBN)b10456533-48omnis_nlop
035 ## - NUMER SYSTEMOWY
Numer systemowy przejętego rekordu b10456533
035 ## - NUMER SYSTEMOWY
Numer systemowy przejętego rekordu (OCoLC)834079076
035 ## - NUMER SYSTEMOWY
Numer systemowy przejętego rekordu (PL)b0000001045653
035 ## - NUMER SYSTEMOWY
Numer systemowy przejętego rekordu (EXLNZ-48OMNIS_NETWORK)9910051300905606
040 ## - ŹRÓDŁO KATALOGOWANIA
Instytucja, która sporządziła opis WA N
Instytucja, która utworzyła rekord WA N
Instytucja, która dokonała modyfikacji WA N
-- KOSZ 005/HR
046 ## - DATY KODOWANE
Pojedyncza data lub początek okresu powstania dzieła lub zbioru dzieł 1992
080 ## - UNIWERSALNA KLASYFIKACJA DZIESIĘTNA - UKD
UKD 528.3/.4
080 ## - UNIWERSALNA KLASYFIKACJA DZIESIĘTNA - UKD
UKD 528.5
080 ## - UNIWERSALNA KLASYFIKACJA DZIESIĘTNA - UKD
UKD 621.38
080 ## - UNIWERSALNA KLASYFIKACJA DZIESIĘTNA - UKD
UKD (075.8)
100 1# - NAZWA OSOBOWA
Nazwa osobowa Płatek, Aleksander
Daty związane z nazwą (1924-1996)
Określenie rodzaju współpracy Autor
245 10 - TYTUŁ/ODPOWIEDZIALNOŚĆ
Tytuł Geodezyjne dalmierze elektromagnetyczne i tachymetry elektroniczne.
Oznaczenie części/sekcji dzieła Cz. 2,
Tytuł części/sekcji dzieła Optyczne dalmierze interferencyjne, teodolity i tachymetry elektroniczne /
Pozostałe elementy strefy tytułu i oznaczenia odpowiedzialności Aleksander Płatek.
246 30 - WARIANT TYTUŁU
Tytuł Optyczne dalmierze interferencyjne, teodolity i tachymetry elektroniczne
260 ## - STREFA ADRESU WYDAWNICZEGO
Miejsce wydania Warszawa :
Nazwa wydawcy/dystrybutora Państ. Przedsiębiorstwo Wydawnictw Kartograficznych im. E. Romera : Polskie Przedsiębiorstwo Wydawnictw Kartograficznych im. E. Romera,
Data publikacji, dystrybucji/powstania dokumentu 1992.
300 ## - STREFA OPISU FIZYCZNEGO
Objętość [2] s., s. 163-320 :
Inne cechy fizyczne fot., rys., wykr. ;
Rozmiary 24 cm.
336 ## - TYP ZAWARTOŚCI
Termin opisujący typ zawartości Tekst
Kod określający zawartość txt
Źródło (terminu i kodu) rdacontent
337 ## - TYP MEDIÓW
Tryb odtwarzania Bez urządzenia pośredniczącego
Kod typu mediów n
Źródło (terminu i kodu) rdamedia
338 ## - TYP/RODZAJ NOŚNIKA
Hasło opisujące typ nośnika Wolumin
Kod typu nośnika nc
Źródło (terminu i kodu) rdacarrier
380 ## - FORMA I TYP PUBLIKACJI
Forma i typ publikacji Książki
380 ## - FORMA I TYP PUBLIKACJI
Forma i typ publikacji Publikacje dydaktyczne
385 ## - ODBIORCA
Kategoria grupowa odbiorcy Poziom nauczania
Odbiorca Szkoły wyższe
388 ## - CZAS POWSTANIA
Czas powstania 2001-
500 ## - UWAGI OGÓLNE
Tekst uwagi Koniec tekstu na s. 3 okł.
504 ## - UWAGA DOTYCZĄCA BIBLIOGRAFII
Informacje o bibliografii Bibliogr. s. 320-[321].
521 ## - UWAGA DOTYCZĄCA PRZEZNACZENIA CZYTELNICZEGO
Przeznaczenie czytelnicze Dla studentów wydz. geodezyjnych wyższych uczelni technicznych.
650 #7 - HASŁO PRZEDMIOTOWE W FORMIE NAZWY OGÓLNEJ LUB JEDNOSTKOWEJ
Nazwa ogólna lub geograficzna Dalmierz
Źródło hasła lub terminu DBN
650 #7 - HASŁO PRZEDMIOTOWE W FORMIE NAZWY OGÓLNEJ LUB JEDNOSTKOWEJ
Nazwa ogólna lub geograficzna Tachimetria
Źródło hasła lub terminu DBN
650 #7 - HASŁO PRZEDMIOTOWE W FORMIE NAZWY OGÓLNEJ LUB JEDNOSTKOWEJ
Nazwa ogólna lub geograficzna Urządzenia
650 #7 - HASŁO PRZEDMIOTOWE W FORMIE NAZWY OGÓLNEJ LUB JEDNOSTKOWEJ
Nazwa ogólna lub geograficzna Teodolit
Źródło hasła lub terminu DBN
655 #7 - TERMIN INDEKSOWY - OKREŚLENIE RODZAJU/FORMY DOKUMENTU
Określenie rodzaju/formy dokumentu Podręczniki akademickie
Źródło terminu DBN
658 ## - TERMIN INDEKSOWY - PRZEDMIOT PROGRAMU NAUCZANIA
Główny przedmiot programu nauczania Geografia i nauki o Ziemi
658 ## - TERMIN INDEKSOWY - PRZEDMIOT PROGRAMU NAUCZANIA
Główny przedmiot programu nauczania Inżynieria i technika
856 ## - LOKALIZACJA I DOSTĘP DO ELEKTRONICZNYCH DOKUMENTÓW ZDALNYCH
Link (URL) http://koha.tu.koszalin.pl/cgi-bin/koha/opac-detail.pl?biblionumber=6468
Tekst linku Katalog online BPK
942 ## - DODATKOWE ELEMENTY (KOHA)
Schemat klasyfikacji Uniwersalna Klasyfikacja Dziesiętna
Typ dokumentu Książka
Egzemplarze
Wycofany Status egzemplarza Uszkodzony Dostępność Lokalizacja stała Lokalizacja bieżąca Miejsce przechowywania Sygnatura Kod kreskowy Ostatnio wypożyczono Typ dokumentu Dział
      Dostępny Biblioteka Politechniki Koszalińskiej Biblioteka Politechniki Koszalińskiej Wypożyczalnia BG P 47496 01374681 15.10.2019 Książka  
      Tylko na miejscu Czytelnia Wydziału Elektroniki i Informatyki, Wydziału Architektury i Wzornictwa, Wydziału Inżynierii Mechanicznej i Energetyki oraz Wydziału Inżynierii Lądowej, Środowiska i Geodezji Czytelnia Wydziału Elektroniki i Informatyki, Wydziału Architektury i Wzornictwa, Wydziału Inżynierii Mechanicznej i Energetyki oraz Wydziału Inżynierii Lądowej, Środowiska i Geodezji Czytelnia Wydziałowa ul. Śniadeckich 2 P 47498 01818062   Książka 528 Geodezja
© 2023 Biblioteka Politechniki Koszalińskiej :: KOHA